Francesco Chiesa (Record n. 38008)
[ formato base ]
| 000 -LEADER | |
|---|---|
| fixed length control field | 01013nam a22001817a 4500 |
| 003 - CONTROL NUMBER IDENTIFIER | |
| control field | IT-RoPau |
| 005 - DATE AND TIME OF LATEST TRANSACTION | |
| control field | 20220918175940.0 |
| 008 - FIXED-LENGTH DATA ELEMENTS--GENERAL INFORMATION | |
| fixed length control field | 130207b xxu||||| |||| 00| 0 eng d |
| 040 ## - CATALOGING SOURCE | |
| Transcribing agency | IT-RoPau |
| 100 ## - MAIN ENTRY--PERSONAL NAME | |
| Personal name | Chiesa, Fabio |
| 9 (RLIN) | 379 |
| 245 ## - TITLE STATEMENT | |
| Title | Francesco Chiesa |
| Remainder of title | Un uomo, un prete |
| 250 ## - EDITION STATEMENT | |
| Edition statement | I |
| 260 ## - PUBLICATION, DISTRIBUTION, ETC. (IMPRINT) | |
| Place of publication, distribution, etc. | Alba |
| Name of publisher, distributor, etc. | Postulazione Generale e Casa Madre SSP |
| Date of publication, distribution, etc. | 2006 |
| 300 ## - PHYSICAL DESCRIPTION | |
| Extent | 63 p. |
| Dimensions | 21 cm |
| 490 ## - SERIES STATEMENT | |
| Series statement | Famiglia Paolina |
| Volume/sequential designation | I |
| 520 ## - SUMMARY, ETC. | |
| Summary, etc. | Sommario<br/><br/>Il giovane Francesco<br/> Montà, terra di vocazioni<br/> Legami forti<br/> Il "Seminatore di preti"<br/><br/>L'amore per il sapere<br/> Tra libri e ristrettezze<br/> Kant<br/> Lauree e viaggi<br/><br/>L'insegnamento in seminario<br/><br/> Maestro e amico<br/> L'uomo nuovo<br/> I suoi allievi<br/> Un incontro particolare<br/><br/>Scrittore e comunicatore<br/> Ventimila pagine<br/> Giornalista<br/> Predicatore<br/><br/>Pastore<br/> Parroco per amore<br/> Instancabile innovatore<br/><br/>La fede<br/> Un solo pensiero: Dio<br/> Asceta tra la gente<br/><br/>Preghiera per la beatificazione<br/><br/>Scheda Biografica <br/> |
| 942 ## - ADDED ENTRY ELEMENTS (KOHA) | |
| Source of classification or shelving scheme | Dewey Decimal Classification |
| Koha item type | LIBRO |
| Withdrawn status | Lost status | Source of classification or shelving scheme | Damaged status | Not for loan | Home library | Current library | Date acquired | Total Checkouts | Full call number | Date last seen | Price effective from | Koha item type |
|---|---|---|---|---|---|---|---|---|---|---|---|---|
| Dewey Decimal Classification | Buone Condizioni | Not For Loan | PAULUS-BIBLIOTECA | PAULUS-BIBLIOTECA | 07/02/2013 | P B5 | 07/02/2013 | 07/02/2013 | LIBRO | |||
| Dewey Decimal Classification | Buone Condizioni | Not For Loan | PAULUS-BIBLIOTECA | PAULUS-BIBLIOTECA | 07/02/2013 | P B5 | 07/02/2013 | 07/02/2013 | LIBRO |